| 000 | 00713nam a2200253Ia 4500 | ||
|---|---|---|---|
| 003 | OSt | ||
| 005 | 20220918174543.0 | ||
| 006 | a|||||r|||| 00| 0 | ||
| 007 | ta | ||
| 008 | 220917b |||||||| |||| 00| 0 eng d | ||
| 024 | _a12,806 | ||
| 037 | _cTextual | ||
| 040 |
_aARTS _cARTS _beng |
||
| 041 |
_2eng _aeng |
||
| 082 | _a/\42:87, L7 | ||
| 100 |
_aLauf Detler Ingo _950874 |
||
| 245 | 0 | _aSecret doctrines of the Tibetan books of the dead tr by Graham Parkes | |
| 260 |
_aBoulder _bShambhala _c1977 |
||
| 300 |
_axi,254p. illus _ccm. |
||
| 500 | _aBibliography 250-254p | ||
| 650 | _aSPIRITUALISM | ||
| 942 |
_h/\42:87, L7 _cTEXL _2CC |
||
| 999 |
_c153644 _d153644 |
||